000 00667nam a2200253Ia 4500
005 20250425161855.0
008 250425s9999 xx 000 0 und d
020 _a9586009785
041 _aspa
043 _ack
082 _a658.3145
100 _aDECARO, JULIO
245 0 _aLA CARA HUMANA DE LA NEGOCIACION: UNA HERRAMIENTA PARA DESARMAR EL ENOJO Y OTRAS ESTRATEGIAS DE PERSUASION
250 _a1A ED.
260 _aBOGOTA
260 _aColombia
_bMCGRAW-HILL
_c1994
300 _a190
650 _aESTRATEGIAS
650 _aNEGOCIACION
650 _aRELACIONES INTERPERSONALES
710 _aMCGRAW-HILL, INC.
942 _c01
010 _a33280
999 _c217907
_d217907